000 01115nam a2200385 4500
001 0442410
003 DO-SdBNP
005 20180326092427.0
007 0442410
008 950530s 1991 sp spa
016 7 _a
_2BPMSU
017 _a
_b
020 _a8434825503
035 _a
040 _aBPMSU
_bspa
_cBPMSU
_e
041 1 _aspa
_h
080 0 _a
100 1 _aBeltran, Montserrat,
_d1963-
240 1 0 _aQuina olla!
_lEspañol
245 1 1 _a¡Qué jaleo! /
_cMontserrat Beltrán, Teresa M. Boada, Rosa Burgada ; ilustraciones de Roser Capdevila ; traducción del catalán, Manuel Barbadillo.
250 _a4ª ed.
260 _aMadrid :
_bSM,
_c1991.
300 _a62 p. ;
_bil. :
_c20 cm.
490 1 _aEl barco de vapor
_v160
490 1 _aSerie blanca
_v28
700 1 _aBoada, Teresa M.
700 1 _aBurgada, Rosa
700 1 2 _aCapdevila, Roser,
_d1939-
_eil.
700 1 2 _aBarbadillo, Manuel,
_etr.
830 0 _a El barco de vapor
_v160
830 0 _aSerie blanca
_v28
942 _2ddc
_cBK
945 _aInventariado, 2018 /LP
956 _aVMATEO
_b10
_c20151125
_hBPMSU
_800151
999 _c8908
_d8908